• 首页
  • 本馆介绍
  • 公告通知
  • 最新文献
  • 馆藏检索
  • 电子资源
  • 读者导购
  • 参考咨询
  • 我的图书馆
  • 登录
  • 详细信息显示
  • 放入我的书架
  • 预约/预借图书
  • 作者相关作品
  • 分类相关作品
  • 丛书相关作品
  • 出版社相关作品

书目信息

  • 表格格式
  • 工作单格式
  • 卡片格式
题名:
医案追踪
    
 
作者: 尚金凯 主编
分册:  
出版信息: 沈阳   东北大学出版社  2014
页数: 202页
开本: 24cm
丛书名:
单 册:
中图分类: D922.164
科图分类:
主题词: 医药卫生管理--Yi Yao Wei Sheng Guan Li--法规--基本知识--中国
电子资源:
ISBN: 978-7-5517-0636-0
000 01051nam0 22002411 450
001 350622
005 20161011151433.87
010    @a978-7-5517-0636-0@dCNY36.00
100    @a20150429d2014 em y0chiy50 ea
101 0  @achi
102    @aCN@b210000
105    @ay z 000yy
106    @ar
200 1  @a医案追踪@AYi An Zhui Zong@e医疗法律制度解读@f尚金凯主编
210    @a沈阳@c东北大学出版社@d2014
215    @a202页@d24cm
330    @a本书从数年来大量的医疗纠纷案例中选择了包含各类医疗法律法规在内的近60例医疗活动的典型案例,对每一个案例分别进行了详细剖析。力求从临床医疗工作的角度,以临床医生的思维模式,以案说法。在此基础上,较为全面地总结了现行医疗卫生法律法规,归纳了(部分)一线医务人员急需了解和掌握的法律常识,涉及法律、法规、司法解释、规章、规范等。
517 1  @a医疗法律制度解读@AYi Liao Fa Lv Zhi Du Jie Du
606 0  @a医药卫生管理@AYi Yao Wei Sheng Guan Li@x法规@x基本知识@y中国
690    @aD922.164@v5
701  0 @a尚金凯@AShang Jin Kai@c(法医)@4主编
801  0 @aCN@bTANGWEI@c20160805
905    @b0890955-9@dD922.164@e1387@f5
    
    医案追踪:医疗法律制度解读/尚金凯主编.-沈阳:东北大学出版社,2014
    202页;24cm
    
    
    ISBN 978-7-5517-0636-0:CNY36.00
    本书从数年来大量的医疗纠纷案例中选择了包含各类医疗法律法规在内的近60例医疗活动的典型案例,对每一个案例分别进行了详细剖析。力求从临床医疗工作的角度,以临床医生的思维模式,以案说法。在此基础上,较为全面地总结了现行医疗卫生法律法规,归纳了(部分)一线医务人员急需了解和掌握的法律常识,涉及法律、法规、司法解释、规章、规范等。
●
相关链接 在E读中查询图书 在五车中查询图书 在当当中查询图书 在豆瓣中查询图书


正题名:医案追踪     索取号:D922.164/1387         预约/预借

序号 登录号 条形码 馆藏地/架位号 状态 备注
1 0890955   208909555   第一样本阅览室/ [索取号:D922.164/1387] 在馆    
2 0890956   208909564   第一借阅区/ [索取号:D922.164/1387] 在馆    
3 0890957   208909573   第一借阅区/ [索取号:D922.164/1387] 在馆    
4 0890958   208909582   第一借阅区/ [索取号:D922.164/1387] 在馆    
5 0890959   208909591   密集书库-史法系/ [索取号:D922.164/1387] 在馆    
唐山师范学院图书馆 欢迎您!
大连网信软件有限公司© 版权所有